NTA-UGC Management Paper-2 / (Record no. 216223)
[ view plain ]
| 000 -LEADER | |
|---|---|
| fixed length control field | 00716nam a22002057a 4500 |
| 005 - DATE AND TIME OF LATEST TRANSACTION | |
| control field | 20260515144944.0 |
| 010 ## - LCCN (DPL NO) | |
| LC control number | ENG-148488 |
| 020 ## - INTERNATIONAL STANDARD BOOK NUMBER | |
| International Standard Book Number | 9789371363556 |
| Terms of availability | 815.00 |
| 035 ## - SYSTEM CONTROL NUMBER | |
| System control number | EN-132020 |
| 037 ## - SOURCE OF ACQUISITION | |
| Source of stock number/acquisition | DBAD |
| 082 ## - DEWEY DECIMAL CLASSIFICATION NUMBER | |
| Classification number | 658.3 |
| Edition number | 6 |
| 100 ## - MAIN ENTRY--PERSONAL NAME | |
| Personal name | Mahajan, Mahak |
| 245 ## - TITLE STATEMENT | |
| Title | NTA-UGC Management Paper-2 / |
| Statement of responsibility, etc | Mahak Mahajan & Rahat Arora |
| 250 ## - EDITION STATEMENT | |
| Edition statement | 6th |
| 260 ## - PUBLICATION, DISTRIBUTION, ETC. (IMPRINT) | |
| Place of publication, distribution, etc | Noida, Uttar Pradesh |
| Name of publisher, distributor, etc | Pearson India Education Services Pvt. Ltd |
| Date of publication, distribution, etc | 2026 |
| 270 ## - ADDRESS | |
| Address | 1st Floor, Berger Tower, Plot No. C-001A/2, Sector 16B, |
| City | Noida, Uttar Pradesh |
| Postal code | 201301 |
| Electronic mail address | companysecretary.india@pearson.com |
| 300 ## - PHYSICAL DESCRIPTION | |
| Extent | various pages |
| Dimensions | 26cm(pbk) |
| 700 ## - ADDED ENTRY--PERSONAL NAME | |
| Personal name | Arora, Rahat |
| 9 (RLIN) | 89117 |
| 942 ## - ADDED ENTRY ELEMENTS (KOHA) | |
| Source of classification or shelving scheme | Dewey Decimal Classification |
| Item type | English Books |
| Classification part | 658.3 |
| Call number suffix | MAH |
| Withdrawn status | Lost status | Not for loan | Collection code | Home library | Current library | Date acquired | Source of acquisition | Cost, normal purchase price | Full call number | Barcode | Copy number | Cost, replacement price | Koha item type |
|---|---|---|---|---|---|---|---|---|---|---|---|---|---|
| Non-fiction | Tri Nagar | Tri Nagar | 15/05/2026 | DBAD | 815.00 | 658.3 MAH | EN-132020 | 1 | 815.00 | English Books |
